000 00921nam a2200277 i 4500
003 EG-GICUC
005 20260413213118.0
008 260318s19681969||| |||fr|||| 00| 0 fre d
040 _aEG-GiCUC
_bfre
_cEG-GiCUC
_dEG-GiCUC
_eRda
082 0 4 _221
_a343
_bDE . C
092 0 4 _221
099 _aLaw1 10 343 DE . C 1968
100 1 _aDecocq, André
_eAuteur
245 1 0 _aCours De Droit Pénal Approfondi La Structure De La Qualification Legalz /
_cAndré DECOCQ.
264 1 _a[Lieu De Publication Non Précisé]
_b[Éditeur Non Spécifié],
_c1968.
300 _a336 page ;
_c 24 cm.
336 _2rda contenu
_a texte
337 _2rda medias
_aOrdinateur
338 _2 transporteur rda
_a Ressource en ligne
650 1 _aCriminologie
_2qrmak
650 1 _aDroit De Pénal
_2qrmak
651 1 _2qrmak
856 4 0 _uhttps://fll.law.cu.edu.eg/fulltext/bks/B10-08262.pdf
905 _a54
942 _2ddc
_cBK
_e21
_n0
999 _c66452
_d66452